[Event "RUS-chT U20"]
[Site "Rybinsk"]
[Date "2010.08.07"]
[Round "6"]
[White "Kotov, Dmitry"]
[Black "Leonov, Valery"]
[Result "0-1"]
[WhiteElo "2103"]
[BlackElo "1828"]
[PlyCount "82"]
[EventDate "2010.08.02"]
[EventType "team-swiss"]
[EventRounds "9"]
[EventCountry "RUS"]
[SourceTitle "EXT 2011"]
[Source "ChessBase"]
[SourceDate "2010.11.26"]
[SourceVersion "1"]
[SourceVersionDate "2010.11.26"]
[SourceQuality "1"]

1. Nf3 b6 2. d4 Bb7 3. c4 e6 4. Nc3 Nf6 5. e3 d5 6. Bd3 c5 7. 0-0 Nbd7 8. Re1 cxd4 9. exd4 Be7 10. Bf4 dxc4 11. Bxc4 Rc8 12. Bb3 0-0 13. Ne5 Nb8 14. h4 Nc6 15. Be3 Nb4 16. g4 Nfd5 17. Nxd5 Nxd5 18. g5 f6 19. gxf6 Bxf6 20. Qg4 Bxh4 21. Qxe6+ Kh8 22. Nf7+ Rxf7 23. Qxf7 Nxe3 24. Rxe3 Qg5+ 25. Kf1 Bg2+ 26. Ke2 Qb5+ 27. Kd1 Qf1+ 28. Kd2 Qxf2+ 29. Qxf2 Bxf2 30. Re2 Rf8 31. d5 g5 32. d6 Bh3 33. Be6 g4 34. d7 Bh4 35. Rg1 Rf4 36. Kc2 Kg7 37. Rd2 Bd8 38. Rg3 h5 39. Re3 h4 40. Bb3 g3 41. Rd1 Rf8 0-1

[Event "RUS-chT U20"]
[Site "Rybinsk"]
[Date "2010.08.03"]
[Round "2"]
[White "Moiseenko, Vadim"]
[Black "Leonov, Valery"]
[Result "1-0"]
[WhiteElo "2307"]
[BlackElo "1828"]
[PlyCount "85"]
[EventDate "2010.08.02"]
[EventType "team-swiss"]
[EventRounds "9"]
[EventCountry "RUS"]
[SourceTitle "EXT 2011"]
[Source "ChessBase"]
[SourceDate "2010.11.26"]
[SourceVersion "1"]
[SourceVersionDate "2010.11.26"]
[SourceQuality "1"]

1. c4 e5 2. g3 Nf6 3. Bg2 d5 4. cxd5 Nxd5 5. Nc3 Ne7 6. Nf3 Nbc6 7. 0-0 g6 8. b4 a6 9. a3 Bg7 10. Bb2 0-0 11. d3 Nd4 12. e3 Nxf3+ 13. Bxf3 Ra7 14. Qe2 Be6 15. Rac1 Qd7 16. Ne4 b6 17. Nd2 Bf5 18. Ne4 Be6 19. Qc2 Bd5 20. Rfe1 f5 21. Nd2 f4 22. exf4 Bxf3 23. Nxf3 exf4 24. Qc4+ Qd5 25. Bxg7 Kxg7 26. Ne5 Rf5 27. Qc3 fxg3 28. hxg3 Kf8 29. Nc6 Nxc6 30. Qh8+ Kf7 31. Qxh7+ Kf6 32. Qh8+ Kf7 33. Qe8+ Kg7 34. Rxc6 Rf7 35. Re7 Rxe7 36. Qxe7+ Kh6 37. Qf8+ Kh7 38. Rc4 g5 39. Qe7+ Kg6 40. Re4 Qxd3 41. Re6+ Kh5 42. Qf7+ Kg4 43. Kg2 1-0

[Event "RUS-chT Clubs U18"]
[Site "Rybinsk"]
[Date "2009.08.09"]
[Round "8"]
[White "Alekseenko, Kirill"]
[Black "Leonov, Valery"]
[Result "1-0"]
[WhiteElo "2112"]
[BlackElo "1850"]
[PlyCount "89"]
[EventDate "2009.08.02"]
[EventType "team-swiss"]
[EventRounds "9"]
[EventCountry "RUS"]
[SourceTitle "CBM 131 Extra"]
[Source "ChessBase"]
[SourceDate "2009.09.03"]
[SourceVersion "2"]
[SourceVersionDate "2009.09.16"]
[SourceQuality "1"]

1. e4 e5 2. Nf3 Nc6 3. Bc4 Nf6 4. Ng5 d5 5. exd5 Na5 6. Bb5+ c6 7. dxc6 bxc6 8. Bd3 Bc5 9. 0-0 0-0 10. Nc3 h6 11. Nge4 Nxe4 12. Nxe4 Bb6 13. b4 Nb7 14. Bb2 f5 15. Bc4+ Kh7 16. Nc5 Qe7 17. Qe2 Nd6 18. Bb3 Re8 19. d4 Qh4 20. dxe5 Qxb4 21. Nd3 Qh4 22. Ba3 Ne4 23. Bf7 Ba6 24. Qf3 g6 25. g3 Qg5 26. Bxe8 Rxe8 27. Qf4 Qh5 28. Rae1 Ng5 29. Kg2 Rd8 30. Bd6 Bc4 31. f3 Bd5 32. c4 Bg1 33. h4 Ne6 34. Qc1 g5 35. cxd5 gxh4 36. Rxg1 Rg8 37. dxe6 Rxg3+ 38. Kh2 Qxf3 39. Rxg3 Qxg3+ 40. Kh1 Qf3+ 41. Kg1 h3 42. Qd2 Qg3+ 43. Kh1 Qf3+ 44. Kh2 f4 45. Nxf4 1-0

[Event "RUS-chT Clubs U18"]
[Site "Rybinsk"]
[Date "2009.08.08"]
[Round "7"]
[White "Komissarov, Stanislav"]
[Black "Leonov, Valery"]
[Result "1-0"]
[WhiteElo "1948"]
[BlackElo "1850"]
[PlyCount "63"]
[EventDate "2009.08.02"]
[EventType "team-swiss"]
[EventRounds "9"]
[EventCountry "RUS"]
[SourceTitle "CBM 131 Extra"]
[Source "ChessBase"]
[SourceDate "2009.09.03"]
[SourceVersion "2"]
[SourceVersionDate "2009.09.16"]
[SourceQuality "1"]

1. d4 Nf6 2. c4 e6 3. Nc3 Bb4 4. Qc2 0-0 5. a3 Bxc3+ 6. Qxc3 b6 7. Nf3 Bb7 8. e3 Ne4 9. Qc2 d6 10. Be2 Nd7 11. 0-0 f5 12. b4 Rf6 13. Bb2 Rg6 14. d5 exd5 15. cxd5 Bxd5 16. Bc4 Bxc4 17. Qxc4+ Kh8 18. Qd5 Ng5 19. Nh4 Rh6 20. Nxf5 Rg6 21. Ne7 Qxe7 22. Qxa8+ Nf8 23. Qd5 h6 24. Qf5 Re6 25. Rac1 Ng6 26. f4 Ne4 27. Rxc7 Qxc7 28. Qxe6 Nf6 29. Bxf6 gxf6 30. Qxf6+ Kh7 31. Rd1 Qc2 32. Qxd6 1-0

[Event "RUS-chT Clubs U18"]
[Site "Rybinsk"]
[Date "2009.08.07"]
[Round "6"]
[White "Leonov, Valery"]
[Black "Surikov, Roman"]
[Result "0-1"]
[WhiteElo "1850"]
[BlackElo "1984"]
[PlyCount "76"]
[EventDate "2009.08.02"]
[EventType "team-swiss"]
[EventRounds "9"]
[EventCountry "RUS"]
[SourceTitle "CBM 131 Extra"]
[Source "ChessBase"]
[SourceDate "2009.09.03"]
[SourceVersion "2"]
[SourceVersionDate "2009.09.16"]
[SourceQuality "1"]

1. e4 c5 2. Nf3 d6 3. d4 cxd4 4. Nxd4 Nf6 5. f3 a6 6. c4 e6 7. Nc3 Be7 8. Be3 Nbd7 9. Qd2 Qc7 10. Be2 b6 11. 0-0 Bb7 12. Rac1 0-0 13. Rfd1 Ne5 14. Bf1 Nfd7 15. Qf2 Rac8 16. a3 Qb8 17. Na4 Ba8 18. b4 Bd8 19. Nb3 Bc7 20. Qb2 f5 21. c5 fxe4 22. Bxa6 Rcd8 23. Nd4 exf3 24. Nxe6 fxg2 25. c6 Nf3+ 26. Kxg2 Nde5 27. Be2 Qc8 28. Bxf3 Rxf3 29. Qb3 Rxe3 30. Qxe3 Qxe6 31. b5 Qg4+ 32. Kh1 Qxa4 33. Rg1 Qxb5 34. Rxg7+ Kxg7 35. Qg5+ Kf7 36. Qf5+ Ke7 37. Qxh7+ Nf7 38. Re1+ Kf8 0-1

[Event "RUS-chT Clubs U18"]
[Site "Rybinsk"]
[Date "2009.08.04"]
[Round "3"]
[White "Leonov, Valery"]
[Black "Grushin, Stanislav"]
[Result "0-1"]
[WhiteElo "1850"]
[BlackElo "1950"]
[PlyCount "112"]
[EventDate "2009.08.02"]
[EventType "team-swiss"]
[EventRounds "9"]
[EventCountry "RUS"]
[SourceTitle "CBM 131 Extra"]
[Source "ChessBase"]
[SourceDate "2009.09.03"]
[SourceVersion "2"]
[SourceVersionDate "2009.09.16"]
[SourceQuality "1"]

1. e4 c5 2. Nf3 Nc6 3. d4 cxd4 4. Nxd4 g6 5. c4 Bg7 6. Be3 Nf6 7. Nc3 d6 8. f3 0-0 9. Qd2 Nxd4 10. Bxd4 Be6 11. Rc1 Qa5 12. b3 Rfc8 13. Be2 a6 14. Be3 b5 15. Nd5 Qxd2+ 16. Kxd2 Bxd5 17. cxd5 Nd7 18. Rc6 Nc5 19. Rxc8+ Rxc8 20. f4 Nd7 21. Bg4 Rc7 22. Bxd7 Rxd7 23. Rc1 Bb2 24. Rc6 a5 25. Kd3 a4 26. b4 f5 27. Bd4 fxe4+ 28. Kxe4 Bxd4 29. Kxd4 Rb7 30. a3 Kf7 31. Ke4 Kf6 32. g4 h6 33. h4 Rd7 34. g5+ Kg7 35. Kd4 Rb7 36. Ke4 Rd7 37. f5 Rb7 38. f6+ exf6 39. gxh6+ Kxh6 40. Rxd6 f5+ 41. Ke5 Re7+ 42. Kf6 Re3 43. Rd8 Kh7 44. d6 Rxa3 45. Re8 Rd3 46. Re7+ Kh6 47. d7 a3 48. Re3 Rxd7 49. Rxa3 Kh5 50. Rc3 Rd4 51. Rg3 Rg4 52. Rc3 Rxb4 53. Rc8 Kxh4 54. Kxg6 f4 55. Rc3 Kg4 56. Kf6 f3 0-1